Hollow cylinder sample test using a dynamic mechanical analyser (Record no. 60471)

MARC details
000 -LEADER
fixed length control field 01416nam a2200145Ia 4500
100 ## - MAIN ENTRY--AUTHOR NAME
Personal name Noparatanakailas V
245 #0 - TITLE STATEMENT
Title Hollow cylinder sample test using a dynamic mechanical analyser
260 ## - PUBLICATION, DISTRIBUTION, ETC. (IMPRINT)
Name of publisher Journal of Rubber Research
Year of publication 2000
300 ## - PHYSICAL DESCRIPTION
Number of Pages 95-103
520 ## - SUMMARY, ETC.
Summary, etc A hollow cylinder specimen was designed for testing rubber in shear deformation using a Dynamic Mechanical Analyser series 7. Test results showed that a lower coefficient of variation for storage modulus is obtained with this system than using a compressive pellet sample ia a cup-and-plate deformation. This shear test has been developed to characterise four grades of natural rubber: Standard Thai Rubber (STR) 5 L; STR 20; RSS and skim block. Over a frequency range of 0.1Hz to 50.0Hz and 0.5;strain, the effect of rubber grade, temperature, degree of mastication and the amount of carbon black (N330) was investigated. Dynamic complex and real viscocities were determined and showed good agreement with the shear flow viscosity obtained from experiments with a Rosand capillary rheometer. However, limitations of this shear technique were found, such as a failure of test specimen at temperatures approaching the molten state of rubber, and insufficient force control for very stiff specimens with high carbon black loading.
650 ## - SUBJECT ADDED ENTRY--TOPICAL TERM
Topical Term Hollow cylinder
700 ## - ADDED ENTRY--PERSONAL NAME
Personal name Seadan M
942 ## - ADDED ENTRY ELEMENTS (KOHA)
Koha item type Journals
Holdings
Withdrawn status Lost status Damaged status Not for loan Home library Current library Shelving location Date acquired Serial Enumeration / chronology Koha item type
      Journals RRII Library RRII Library Rubber chemistry 17/12/2021 Volume 3, Issue 2 Journals